00283nam a2200121Ia 4500008004100000041000900041082001500050100002200065245001800087260004000105300000800145650000800153230718s9999 xx 000 0 und d aEng. a340bLAT-P aLate M. Malik Mir 0aP.L.D. (2008) aPakistanbAll farcistan Legalc2008 a622 aLaw